000 00436nab a2200145Ia 4500
003 ES-SlBCS
005 20210601140328.0
008 140529s1989 xxu||||| |||| 00| 0 spa d
041 _aspa
100 1 _aCarande, Ramón
_d, 1887-1986
_9224099
245 0 0 _aRecuerdos de la Alemania guillermina
_c Ramón Carande
651 4 _aAlemania
_986282
773 0 _tCuadernos Hispanoamericanos
_gnº. 465, 1989, págs. 7-24
_wRev1135
942 _cAR
999 _c642864
_d642864